[Event "Charleroi TIPC op"]
[Site "Charleroi"]
[Date "2008.07.30"]
[Round "6"]
[White "Van Mechelen, Jan"]
[Black "Fosset, Francois"]
[Result "1-0"]
[WhiteElo "2269"]
[BlackElo "2030"]
[PlyCount "61"]
[EventDate "2008.07.26"]
[EventType "swiss"]
[EventRounds "9"]
[EventCountry "BEL"]
[SourceTitle "EXT 2009"]
[Source "ChessBase"]
[SourceDate "2008.11.26"]
[SourceVersion "1"]
[SourceVersionDate "2008.11.26"]
[SourceQuality "1"]

1. d4 Nf6 2. Nf3 b6 3. Bf4 Bb7 4. e3 e6 5. Bd3 d5 6. Nbd2 c5 7. c3 Nbd7 8. 0-0 Be7 9. Ne5 0-0 10. Qf3 Nxe5 11. dxe5 Nd7 12. Qh3 g6 13. Nf3 Re8 14. Rad1 a6 15. Qg3 Kg7 16. Ng5 Nf8 17. h4 f5 18. exf6+ Bxf6 19. Bc7 Qd7 20. Nf3 Rac8 21. Bf4 Qe7 22. Bd6 Qd7 23. h5 Rc6 24. Bxf8+ Kxf8 25. hxg6 hxg6 26. Bxg6 Re7 27. Ne5 Bxe5 28. Qxe5 Kg8 29. e4 Rc7 30. Rd3 Rg7 31. Qh5 1-0

[Event "Charleroi op 5th"]
[Site "Charleroi"]
[Date "2006.07.30"]
[Round "2"]
[White "Fosset, Francois"]
[Black "Plachetka, Jan"]
[Result "0-1"]
[WhiteElo "2025"]
[BlackElo "2427"]
[PlyCount "62"]
[EventDate "2006.07.29"]
[EventType "swiss"]
[EventRounds "9"]
[EventCountry "BEL"]
[SourceTitle "CBM 113 Extra"]
[Source "ChessBase"]
[SourceDate "2006.09.14"]
[SourceVersion "1"]
[SourceVersionDate "2006.09.14"]
[SourceQuality "1"]

1. e4 c5 2. Bc4 Nc6 3. c3 Nf6 4. d3 e6 5. Qe2 d6 6. Bb3 Be7 7. f4 0-0 8. Nf3 b6 9. 0-0 Ba6 10. Nbd2 d5 11. e5 Nh5 12. Ne1 g6 13. g4 Ng7 14. Ndf3 f6 15. exf6 Bxf6 16. Bd2 Qd6 17. Qg2 Rae8 18. h4 d4 19. c4 Bb7 20. Ba4 Bd8 21. Bxc6 Qxc6 22. Qg3 Bc7 23. Ng2 Re7 24. b3 Ne8 25. Ne5 Bxe5 26. fxe5 Ref7 27. Bh6 Rf3 28. Qh2 Rxf1+ 29. Rxf1 Rxf1+ 30. Kxf1 Qf3+ 31. Kg1 Qxg4 0-1

[Event "Metz op 24th"]
[Site "Metz"]
[Date "2006.04.28"]
[Round "7"]
[White "Romieux, Sebastien"]
[Black "Fosset, Francois"]
[Result "1-0"]
[WhiteElo "2228"]
[BlackElo "2029"]
[PlyCount "51"]
[EventDate "2006.04.22"]
[EventType "swiss"]
[EventRounds "9"]
[EventCountry "FRA"]
[SourceTitle "EXT 2007"]
[Source "ChessBase"]
[SourceDate "2006.11.23"]
[SourceVersion "1"]
[SourceVersionDate "2006.11.23"]
[SourceQuality "1"]

1. e4 e5 2. Nf3 Nc6 3. Bb5 a6 4. Ba4 d6 5. d4 b5 6. Bb3 f5 7. Bd5 Bd7 8. Ng5 Nf6 9. Nf7 Qe7 10. Bg5 Nb4 11. Bxf6 Qxf6 12. dxe5 dxe5 13. Bxa8 Qxf7 14. c3 Bc6 15. Bxc6+ Nxc6 16. Nd2 Bc5 17. Qb3 0-0 18. exf5 Qxb3 19. axb3 Rxf5 20. Ne4 Bb6 21. Rxa6 Ne7 22. Ke2 Nd5 23. g3 Kf7 24. Rd1 Nf6 25. Rxb6 Nxe4 26. Rd7+ 1-0

[Event "Metz op 23rd"]
[Site "Metz"]
[Date "2005.??.??"]
[Round "3"]
[White "Colson, Arnaud"]
[Black "Fosset, Francois"]
[Result "1-0"]
[WhiteElo "2148"]
[BlackElo "1981"]
[PlyCount "60"]
[EventDate "2005.04.16"]
[EventType "swiss"]
[EventRounds "9"]
[EventCountry "FRA"]
[SourceTitle "EXT 2007"]
[Source "ChessBase"]
[SourceDate "2006.11.23"]
[SourceVersion "1"]
[SourceVersionDate "2006.11.23"]
[SourceQuality "1"]

1. e4 e6 2. d4 d5 3. Nd2 dxe4 4. Nxe4 Nf6 5. Nxf6+ gxf6 6. Nf3 b6 7. Bf4 Bb7 8. Bd3 Nd7 9. Qe2 Bd6 10. Bg3 Qe7 11. 0-0-0 0-0-0 12. Ba6 Nb8 13. Bxb7+ Kxb7 14. Rhe1 c6 15. Kb1 Bc7 16. Rd3 h5 17. Bh4 Rhg8 18. g3 Nd7 19. Nd2 Rh8 20. Ne4 Rh6 21. f4 Qb4 22. c3 Qc4 23. b3 Qd5 24. Kb2 Qf5 25. Qd2 Qg4 26. f5 exf5 27. Qxh6 fxe4 28. Rde3 Re8 29. Qh7 c5 30. Rxe4 Re6 1-0